[Event "XLV Sevilla Open 2020"]
[Site "Sevilla"]
[Date "2020.01.12"]
[Round "3.1"]
[White "Piasetski, Leon"]
[Black "Grigoryan, Karen H."]
[Result "0-1"]
[WhiteElo "2219"]
[BlackElo "2632"]
[Annotator "TA"]
[PlyCount "125"]
[EventDate "2020.01.05"]
[EventType "swiss"]
[EventCountry "ESP"]
[SourceTitle "playchess.com"]
[Source "ChessBase"]
[SourceQuality "1"]

{[%evp 20,125,0,0,0,-16,-16,-32,-25,-37,-35,-65,-58,-72,-47,-63,-46,-43,-60,-64,-25,-14,0,-87,-74,-70,-1,-89,-87,-77,-41,-35,-44,-54,0,0,0,0,0,0,0,0,11,0,37,0,0,-16,-15,-10,-16,-66,-36,-95,-105,-119,-84,-95,-94,-84,-98,-114,-100,-116,-72,-68,-33,-68,-71,-94,-96,-121,-99,-97,-40,-131,-125,-154,-155,-162,-145,-291,-284,-284,-291,-284,-284,-284,-284,-284,-284,-284,-284,-284,-284,-29980,-29981,-29981,-29982,-29982,-29983,-29983,-29984,-29984,-29985,-29985,-29986,-29986]} 1. c4 g6 2. d4 Nf6 3. Nc3 d5 4. Bf4 Bg7 5. e3 O-O 6. Nf3 c5 7. dxc5 Qa5 8. Nd2 dxc4 9. Bxc4 Qxc5 10. Rc1 Nc6 11. O-O Rd8 {D93: Grünfeld: 4 Nf3 Bg7 5 Bf4 0-0 6 e3.} 12. Bb3 Qf5 13. Qe2 Be6 {[#] Black is slightly better.} 14. Rfd1 $146 {[#]} ({Predecessor:} 14. Bxe6 Qxe6 15. Nb3 Nd5 16. Nxd5 Qxd5 17. e4 Qe6 18. Rfe1 Qf6 19. Qe3 Qxb2 20. Re2 Qa3 21. e5 e6 22. Bg5 Rd5 23. f4 Bf8 24. Rd2 Qxc1+ 25. Nxc1 Bc5 {0-1 (25) Mester,G (2404)-Zambo,Z (2343) Hungary 2016}) 14... Nd4 $1 {[%mdl 512]} 15. Qf1 (15. exd4 Bxb3) 15... Nxb3 16. Nxb3 Nh5 17. Bc7 Rdc8 18. e4 Qg5 19. Nd5 {Threatens to win with f4.} Bxd5 20. Rxd5 Qh6 21. Qd1 (21. Rd2 $11 {remains equal.}) 21... Bxb2 $17 22. Rc2 Bg7 (22... Nf6 $15 23. Rd3 Qh5) 23. Na5 (23. Rdc5 $11) 23... Nf6 24. Rdc5 Re8 {aiming for ...b6.} 25. R5c4 b5 26. Rb4 e6 (26... Rec8 $15) 27. Nc6 $11 Bf8 28. Rd4 Qh5 $40 {[%mdl 128] Black attacks.} 29. Qxh5 Nxh5 30. e5 g5 31. g3 Rec8 32. Bd8 h6 33. h4 gxh4 34. Bxh4 Ng7 35. Rd8 Nf5 36. Bf6 ({Better is} 36. g4 $15 Rxd8 37. Bxd8) 36... Rxd8 $17 37. Nxd8 Ne7 (37... a5 {is interesting.} 38. Rc7 a4 39. g4 Ng7 40. Nxf7 Ne8) 38. Bxe7 Bxe7 {[%mdl 4096] Endgame KRB-KRN} 39. Nc6 Bf8 40. Kf1 a5 41. Ke2 Kg7 42. g4 b4 43. Rc4 Ra6 44. Kd3 Rb6 $1 45. Kc2 a4 46. Nd4 Ra6 (46... Be7 $17) 47. Kb2 (47. Rc7 $15) 47... Ra5 48. f4 Rd5 49. Kc2 Kg6 50. Nc6 (50. Kb1 $17 {was called for.}) 50... Rc5 $19 51. Kd3 b3 {And now ...Rxc4 would win.} 52. axb3 axb3 {Strongly threatening ...Rxc4.} 53. Rxc5 Bxc5 {KB-KN} 54. Kc3 {[#]} Be3 $1 {[%cal Re3f4]} 55. Ne7+ Kg7 56. f5 {[#]} Kf8 $1 57. fxe6 $2 (57. Nc8 $19) 57... Kxe7 {Black mates.} 58. exf7 Kxf7 59. Kxb3 {KB-KPP} Ke6 60. Kc4 Kxe5 61. Kd3 Kf4 62. Ke2 Bc5 63. Kf1 {Accuracy: White = 68%, Black = 75%.} 0-1

[Event "XLV Sevilla Open 2020"]
[Site "Sevilla"]
[Date "2020.01.12"]
[Round "3.2"]
[White "Lu, Shanglei"]
[Black "Silva Lucena, Cristian"]
[Result "1-0"]
[WhiteElo "2611"]
[BlackElo "2217"]
[Annotator "TA"]
[PlyCount "47"]
[EventDate "2020.01.05"]
[EventType "swiss"]
[EventCountry "ESP"]
[SourceTitle "playchess.com"]
[Source "ChessBase"]
[SourceQuality "1"]

{[%evp 11,47,0,8,-1,11,0,0,0,0,-29,31,-9,-11,-9,16,-10,0,0,10,17,9,-49,14,0,4,16,401,394,391,403,397,384,1618,1491,5324,5373,1468,1413]} 1. e4 c6 2. d4 d5 3. e5 Bf5 4. h4 h5 5. c4 e6 6. Nc3 Ne7 7. Nge2 {B12: Caro-Kann: Advance Variation} Nd7 (7... Bg4 8. Bg5 Qb6 9. c5 Qc7 10. f3 Bf5 11. Ng3 f6 12. Bf4 Nd7 13. exf6 Qxf4 14. Nce2 Qh6 15. fxe7 Bxe7 16. Nxf5 exf5 {½-½ (27) Sutovsky,E (2647)-Artemiev,V (2704) Poikovsky 2018}) 8. Ng3 Bg6 9. cxd5 {The position is equal.} Nxd5 10. Be2 Be7 (10... Qa5 $11 11. Bd2 O-O-O) 11. Bxh5 Bxh5 $146 ({Predecessor:} 11... Nxe5 12. Bxg6 Nxg6 13. h5 Ngf4 14. Qf3 g5 15. hxg6 Rxh1+ 16. Nxh1 Nxg6 {½-½ (28) Andreev,E (2458)-Zenzera,A (2435) St Petersburg 2015}) 12. Nxh5 {And now Nxd5 would win.} g6 13. Nf4 Nxc3 14. bxc3 g5 15. Nh5 {next Qf3 is good for White.} gxh4 16. Ng7+ Kf8 17. Qg4 {Strongly threatening Rh3.} Qa5 18. Rh3 {Hoping for Rf3.} Nxe5 $2 {[%mdl 8192] [#]} (18... Qd5 $1 $11 {and Black is okay.}) 19. Nxe6+ $1 $18 {[%mdl 512]} fxe6 20. dxe5 ({Not} 20. Qxe6 Nf7 $17) 20... Qxe5+ 21. Re3 Qg7 $2 (21... Qh5 22. Rf3+ (22. Qxe6 Re8 $16) 22... Ke8 23. Qxe6 Rd8) 22. Rf3+ {White is clearly winning.} Bf6 23. Qxe6 {[#] White wants to mate with Ba3+.} Re8 24. Ba3+ {Accuracy: White = 67%, Black = 41%.} 1-0

[Event "XLV Sevilla Open 2020"]
[Site "Sevilla"]
[Date "2020.01.12"]
[Round "3.3"]
[White "Jimenez Martinez, Jose Vicente"]
[Black "Pridorozhni, Aleksei"]
[Result "1/2-1/2"]
[WhiteElo "2215"]
[BlackElo "2601"]
[Annotator "TA"]
[PlyCount "73"]
[EventDate "2020.01.05"]
[EventType "swiss"]
[EventCountry "ESP"]
[SourceTitle "playchess.com"]
[Source "ChessBase"]
[SourceQuality "1"]

{[%evp 10,73,30,36,54,15,25,0,0,0,14,0,0,0,0,0,0,-25,-18,-17,-20,-56,-44,-48,-15,-72,-21,-20,-20,-37,0,0,0,-33,0,0,0,-84,-18,-28,0,0,0,0,0,0,0,0,0,0,0,0,0,0,0,0,0,0,0,0,0,0,0,0,0,0]} 1. d4 e6 2. c4 f5 3. Nf3 Nf6 4. g3 d5 5. Bg2 Bd6 6. O-O b6 {A90: Dutch Defence: Miscellaneous and Modern Stonewall (with ...Bd6)} (6... c6 7. Nc3 Nbd7 8. Qc2 Nf8 9. Ne5 Ng6 10. f4 O-O 11. Rb1 Be7 12. Kh1 Bd7 13. Be3 Qe8 14. Bf2 Nxe5 15. dxe5 Ng4 16. Bg1 dxc4 {½-½ (49) Nihal,S (2578)-Fedoseev,V (2715) Sharjah 2019}) 7. b3 Bb7 8. Bf4 $146 ({Predecessor:} 8. Na3 O-O 9. cxd5 Nxd5 10. Nc4 Be7 11. Ba3 Bxa3 12. Nxa3 {1-0 (32) Landa,A (1905)-Mdivani,M (2105) Jerusalem 2015}) 8... Bxf4 9. gxf4 O-O 10. Ne5 Nbd7 11. e3 Ne4 12. Nd2 Nxe5 13. Nxe4 (13. dxe5 {seems wilder.} Qh4 14. Nxe4 fxe4 15. f3 d4 16. Qxd4 Rad8 17. Qb2) 13... dxe4 14. dxe5 Qe7 15. Qc2 g5 {aiming for ...gxf4.} 16. f3 {[%cal Rf3e4]} Qc5 (16... gxf4 {feels hotter.} 17. fxe4 fxe3 18. exf5 Qg5 19. Kh1 Qxg2+ 20. Qxg2+ Bxg2+ 21. Kxg2 Rxf5 22. Rxf5 exf5 23. Kf3 Kf7) 17. Qf2 (17. fxe4 $11 Qxe3+ 18. Qf2 gxf4 19. Rae1 Qxf2+ 20. Rxf2) 17... exf3 (17... gxf4 $17 18. exf4 e3) 18. Bxf3 $11 Bxf3 19. Qxf3 gxf4 20. Qxf4 Kh8 21. h3 a5 22. Rad1 a4 23. b4 (23. Rf2 $11 {remains equal.}) 23... Qxb4 (23... Rg8+ $17 24. Kh1 Qc6+ 25. Rf3 b5) 24. Rd7 {White wants to mate with Qh6!} Rg8+ 25. Kh1 $1 {Qh6! would kill now.The position is equal.} Rg6 {[#] Threatens to win with ...Qc5.} 26. Qh4 $1 {[%csl Gd7][%cal Rh4h7][%mdl 512]} h6 {Hoping for ...Qb2!} 27. Rfd1 Rag8 28. Rd8 $1 Kh7 {White must now prevent ...R8g7.} 29. Rxg8 Rxg8 {[%mdl 4096] Endgame KQR-KQR} 30. Rd7+ Rg7 31. Rxg7+ Kxg7 {KQ-KQ} 32. Qf6+ {[%mdl 64] [#] Double Attack} Kh7 33. Qf7+ Kh8 34. Qf6+ Kh7 35. Qf7+ Kh8 36. Qf6+ Kh7 37. Qf7+ {Accuracy: White = 50%, Black = 33%.} 1/2-1/2

[Event "XLV Sevilla Open 2020"]
[Site "Sevilla"]
[Date "2020.01.12"]
[Round "3.4"]
[White "Bernadskiy, Vitaliy"]
[Black "Almaryami, Mohamed H."]
[Result "1-0"]
[WhiteElo "2588"]
[BlackElo "2015"]
[Annotator "TA"]
[PlyCount "31"]
[EventDate "2020.01.05"]
[EventType "swiss"]
[EventCountry "ESP"]
[SourceTitle "playchess.com"]
[Source "ChessBase"]
[SourceQuality "1"]

{[%evp 13,53,43,54,60,79,25,17,20,19,18,80,85,141,39,33,0,0,-107,138,139,125,121,121,113,101,100,114,116,135,132,366,311,532,539,526,525,581,562,710,680,1003,1002]} 1. e4 e5 2. Nc3 Nf6 3. g3 d5 4. exd5 Nxd5 5. Bg2 Be6 6. Nf3 Nc6 7. O-O Be7 8. Re1 {C47: Scotch Four Knights and Four Knights with 4 g3} Bf6 9. d4 ({White should play} 9. Nxd5 $1 $16 Bxd5 10. d4) (9. Nxd5 Bxd5 10. d4 Bxf3 11. Bxf3 O-O 12. d5 Nd4 13. Bg2 g6 14. c3 Nf5 15. Qb3 Rb8 {1-0 (36) Safarli,E (2691)-Turner,M (2523) London 2016}) 9... Nxc3 $11 10. bxc3 {The position is equal.} exd4 11. Ba3 $146 {next cxd4 is good for White.} ({Predecessor:} 11. cxd4 O-O 12. Be3 Na5 13. Nd2 Bxd4 14. Bxd4 Qxd4 15. Nb3 Nxb3 16. cxb3 Qxd1 17. Raxd1 {0-1 (45) Sharshutin,S (2028)-Makarov,P (2099) Kondopoga 2012}) 11... dxc3 {[#]} (11... Qd7 $1 $11 {keeps the balance.}) 12. Qb1 $1 $16 {[%cal Rb1b7]} Qc8 (12... Rb8 $142) 13. Bh3 ({White should try} 13. Qb5 $16 a6 14. Qa4) 13... Ne7 $1 $14 14. Rxe6 fxe6 15. Qb3 {[#]} (15. Qb5+ $1 $11 Qd7 16. Qe2) 15... Nd5 $2 (15... c5 $1 $17 {and life is bright. White must now prevent ...Qc6.} 16. Re1 Qc6) 16. Rd1 {Played: Ra1-e1} 1-0

[Event "XLV Sevilla Open 2020"]
[Site "Sevilla"]
[Date "2020.01.12"]
[Round "3.5"]
[White "Mohota, Nisha"]
[Black "Li, Di"]
[Result "0-1"]
[WhiteElo "2201"]
[BlackElo "2562"]
[Annotator "TA"]
[PlyCount "120"]
[EventDate "2020.01.05"]
[EventType "swiss"]
[EventCountry "ESP"]
[SourceTitle "playchess.com"]
[Source "ChessBase"]
[SourceQuality "1"]

{[%evp 10,120,3,-7,14,-2,-1,-8,-7,-10,1,0,-5,-5,4,-6,-8,-2,0,-5,13,-4,0,-32,-41,-38,-30,-42,-42,-47,-48,-50,-56,-67,-56,-56,-56,-54,-53,-62,-47,-57,-50,-69,-69,-64,-65,-95,-81,-89,-70,-83,-79,-79,-78,-73,-69,-88,-82,-101,-95,-83,-81,-116,-108,-109,-100,-191,-191,-214,-219,-243,-214,-214,-212,-214,-201,-400,-160,-175,-181,-178,-146,-270,-213,-269,-233,-258,-197,-308,-308,-308,-308,-308,-308,-308,-308,-306,-303,-455,-450,-516,-395,-406,-407,-1222,-1219,-1149,-1155,-3437,-3244,-29992,-29993]} 1. d4 d5 2. Bf4 Nf6 3. e3 e6 4. Nf3 Bd6 5. Bg3 O-O 6. Nbd2 c5 {D02: 1 d4 d5 2 Nf3 sidelines, including 2...Nf6 3 g3 and 2...Nf6 3 Bf4} (6... b6 7. c3 c5 8. Ne5 Qc7 9. f4 Ba6 10. Bxa6 Nxa6 11. Bh4 Nd7 12. Qg4 f5 13. Qe2 Nab8 14. O-O Nc6 {1-0 (31) Aronian,L (2775)-Karjakin,S (2754) Moscow 2019}) 7. c3 Qc7 8. Bxd6 Qxd6 {The position is equal.} 9. Ne5 b6 10. Bd3 Ba6 11. Bxa6 Nxa6 12. O-O Nb8 13. Rc1 $146 ({Predecessor:} 13. f4 Nbd7 14. Rf3 Ne4 15. Nxe4 dxe4 {½-½ (38) Csonka,B (2093)-Sipka,Z (1929) Eger 2009}) 13... Nc6 14. Ndf3 Ne7 15. Qa4 Ne4 16. Rfd1 f6 17. Nd3 $1 c4 $36 {[%mdl 2048] Black has some pressure.} 18. Nde1 {[#]} b5 $1 {[%mdl 512]} 19. Qc2 $1 (19. Qxb5 Rab8) 19... Qc6 20. Qe2 a5 21. Nc2 Rab8 22. a3 Nd6 23. Nd2 Ng6 24. f4 Kh8 25. Rf1 Ne7 26. Rce1 f5 27. Nf3 Qe8 28. Ne5 Ne4 29. Rf3 Ng6 30. Ref1 Rb7 31. Rh3 {Strongly threatening Qh5!} Nf6 32. Rhf3 Rg8 33. Kh1 Ne7 {[%cal Bg6e7,Be7c8,Bc8d6,Bd6e4][%mdl 32]} 34. Qe1 Nc8 35. Qh4 Nd6 36. Rh3 Nde4 37. Qe1 g6 38. Rhf3 {[#]} (38. Nf3 $17) 38... g5 $1 $19 39. fxg5 Rxg5 40. Qe2 Qh5 41. Qe1 Rbg7 42. Rh3 Qe8 43. Qe2 $2 (43. g3) 43... Ng4 (43... Rxg2 $19 {is more deadly.} 44. Qxg2 Rxg2 45. Kxg2 Qg8+ 46. Kh1 Ng4 47. Nxg4 fxg4) 44. Ne1 Nxe5 45. dxe5 Rg4 46. Rf4 (46. g3 $17) 46... Qg6 47. Rh4 h5 48. Kg1 Kg8 49. Rhxg4 (49. Qf3 {keeps fighting.}) 49... hxg4 ({Weaker is} 49... fxg4 50. Nc2 $17) 50. Nc2 Rh7 51. g3 Qh6 52. Qg2 Qg7 53. Nd4 Qxe5 54. Kh1 (54. Nc6 {was called for.} Qf6 55. Nd4) 54... Rh3 {aiming for ...Nxg3+.} 55. Kg1 Ng5 56. Qe2 Rh7 57. Nc6 (57. Rf1 $142) 57... Nh3+ {[%mdl 64] Double Attack} 58. Kf1 Nxf4 59. gxf4 Qe4 {( -> ...Qh1+)} 60. Kg1 {[#]} g3 $1 {Accuracy: White = 36%, Black = 63%.} 0-1

[Event "XLV Sevilla Open 2020"]
[Site "Sevilla"]
[Date "2020.01.12"]
[Round "3.6"]
[White "Shevchenko, Kirill"]
[Black "Krockenberger, Martin"]
[Result "1-0"]
[WhiteElo "2553"]
[BlackElo "2200"]
[Annotator "TA"]
[PlyCount "85"]
[EventDate "2020.01.05"]
[EventType "swiss"]
[EventCountry "ESP"]
[SourceTitle "playchess.com"]
[Source "ChessBase"]
[SourceQuality "1"]

{[%evp 21,85,32,31,29,39,31,31,28,67,57,71,47,56,63,64,59,102,113,149,146,170,171,171,170,175,172,174,173,222,218,216,210,208,203,232,208,198,206,273,272,275,255,281,270,394,398,379,349,380,374,366,272,367,357,346,346,313,251,379,379,378,378,378,377,470,445]} 1. e4 c5 2. Nf3 d6 3. Bb5+ Bd7 4. Bxd7+ Qxd7 5. c4 Nf6 6. Nc3 g6 7. d4 cxd4 8. Nxd4 Bg7 9. f3 O-O 10. Be3 Nc6 11. O-O a6 12. Qd3 {B52: Sicilian: Moscow Variation with 3...Bd7} Rfc8 13. b3 $1 Qd8 {[#]} 14. Rad1 $146 {White is slightly better.} ({Predecessor:} 14. Rac1 Nd7 15. Rfd1 Bxd4 16. Bxd4 Nxd4 17. Qxd4 b5 18. Nd5 bxc4 19. Rxc4 Rxc4 20. Qxc4 {½-½ (40) Mamedov,R (2658)-Vachier Lagrave,M (2765) Shamkir 2015}) 14... Qf8 15. Nxc6 Rxc6 16. Nd5 Nd7 17. Qd2 a5 18. Bg5 f6 19. Be3 a4 {[#]} 20. Qb4 $1 {[%cal Rb4b7]} b6 21. Qb5 $36 {[%mdl 2048] Keeping Black busy.} ({Not} 21. Nxb6 Nxb6 22. Bxb6 Rb8 $15) ({Resist} 21. Bxb6 $6 e6 $16) 21... Rac8 22. Qxa4 e6 23. Nf4 Qe8 24. Qb4 f5 25. exf5 gxf5 26. Qd2 Nc5 27. Rfe1 Be5 28. Nd3 Nxd3 29. Qxd3 Ra8 30. f4 Bg7 31. a4 Qg6 32. Bd4 Bh6 (32... Bxd4+ $142 33. Qxd4 Kf7) 33. Qf3 $18 Rac8 34. Re2 Bg7 35. Bxg7 Kxg7 36. Red2 e5 37. fxe5 dxe5 38. Rd7+ Kh8 39. Re7 {Hoping for Rdd7.} Re6 (39... e4 $142 40. Qc3+ Qf6 41. Qxf6+ Rxf6) 40. Rxe6 Qxe6 41. Qd5 Qf6 42. Qd6 Qg7 {[#]} 43. Qd8+ $3 {[%mdl 512] Accuracy: White = 94%, Black = 33%.} 1-0

[Event "XLV Sevilla Open 2020"]
[Site "Sevilla"]
[Date "2020.01.12"]
[Round "3.7"]
[White "Dubreuil, Nicolas"]
[Black "Harutyunian, Tigran K."]
[Result "0-1"]
[WhiteElo "2200"]
[BlackElo "2533"]
[Annotator "TA"]
[PlyCount "74"]
[EventDate "2020.01.05"]
[EventType "swiss"]
[EventCountry "ESP"]
[SourceTitle "playchess.com"]
[Source "ChessBase"]
[SourceQuality "1"]

{[%evp 12,74,39,14,12,1,14,9,10,8,12,18,20,3,12,-16,2,-7,4,-26,-27,-26,-25,-68,-47,-87,-82,-139,-139,-139,-132,-164,-169,-172,-164,-174,-174,-185,-175,-250,-260,-258,-258,-323,-312,-339,-330,-329,-331,-468,-493,-498,-487,-454,-447,-607,-608,-1072,-618,-1065,-977,-1159,-1152,-29981,-29982]} 1. d4 Nf6 2. Nf3 g6 3. Bf4 Bg7 4. e3 d6 5. h3 O-O 6. Be2 Nc6 7. O-O e5 {A48: 1 d4 Nf6 2 Nf3 g6: Torre, London and Colle Systems} 8. Bh2 {[%cal Rd4e5]} Ne4 9. c3 Qe7 {The position is equal.} 10. Nbd2 $146 ({Predecessor:} 10. a4 Kh8 11. Na3 f5 12. Nc4 g5 13. Bd3 Be6 14. dxe5 d5 15. Ncd2 {1-0 (60) Benidze,D (2515)-Markus,R (2672) Kocaeli 2017}) 10... Nxd2 11. Nxd2 f5 12. Qb3+ Kh8 $1 13. dxe5 dxe5 14. Rad1 Rb8 15. e4 Be6 16. Qc2 f4 ({Don't blunder} 16... Bxa2 $2 17. b3 $18) 17. f3 Bxa2 18. Nb3 Qf7 $36 {[%mdl 2048] Black is in control.} 19. Nd2 {[#]} (19. Nc5 $142 b6 20. b3 bxc5 21. Qxa2) 19... Be6 $1 $17 20. Kh1 g5 21. Ra1 a6 22. b3 h5 23. Bc4 Bf6 24. Rad1 Rbd8 25. g4 (25. Be2 $142) 25... fxg3 $19 26. Bxg3 Ne7 {[%cal Bc6e7,Be7g6,Bg6f4][%mdl 32]} 27. Kg2 {If White can now play Bxe6 this consolidates a bit.} Ng6 28. Bxe6 Qxe6 29. Nc4 Nf4+ 30. Bxf4 (30. Kh1 $142) 30... gxf4 ({Not} 30... exf4 31. Nb2 $17) 31. Kh2 b5 32. Nb2 Bh4 33. c4 Rxd1 34. Qxd1 Rd8 35. Qe2 Rg8 {White must now prevent ...Rg3.} 36. Rg1 Bg3+ 37. Kg2 {[#]} Bf2+ $1 {[%mdl 576] Pin, Decoy. Accuracy: White = 34%, Black = 76%.} 0-1

[Event "XLV Sevilla Open 2020"]
[Site "Sevilla"]
[Date "2020.01.12"]
[Round "3.8"]
[White "Shariyazdanov, Andrey"]
[Black "Melekhina, Alisa"]
[Result "1-0"]
[WhiteElo "2519"]
[BlackElo "2192"]
[Annotator "TA"]
[PlyCount "89"]
[EventDate "2020.01.05"]
[EventType "swiss"]
[EventCountry "ESP"]
[SourceTitle "playchess.com"]
[Source "ChessBase"]
[SourceQuality "1"]

{[%evp 9,89,34,36,39,55,39,42,36,41,41,38,33,41,47,52,58,42,43,79,61,169,165,163,134,426,160,165,188,534,438,444,438,426,412,704,704,700,577,573,583,573,545,592,380,374,376,351,0,374,344,387,390,397,374,420,438,425,412,670,645,1113,1391,1383,1322,1291,1291,1385,705,1567,1392,29973,29974,29979,29980,29981,29982,29982,29983,29983,29983,29981,29982]} 1. e4 g6 2. d4 c6 3. c4 d5 4. e5 Be6 5. cxd5 Bxd5 6. Nc3 {B12: Caro-Kann: Advance Variation} e6 7. Nxd5 Qxd5 8. Nf3 {White is slightly better.} Nd7 9. Bd3 $146 ({Predecessor:} 9. Be2 Bb4+ 10. Bd2 Bxd2+ 11. Qxd2 Ne7 12. O-O {0-1 (36) Gueth,D (2370)-Sampieri,M (2472) ICCF email 2002}) 9... Ne7 10. O-O Nf5 11. Bc2 Nb6 12. g4 Ne7 13. Ng5 $36 {[%mdl 2048] Black is under pressure.} h5 14. Bb3 (14. Ne4 $5 {[%cal Re4f6]} Ng8 15. Bg5 $16) 14... Nc4 {[#]} (14... Qd7 $1 $14) 15. Bxc4 $1 $18 {[%mdl 64] Overworked Piece} Qxc4 16. Qf3 {Qf6 is the strong threat.} O-O-O $2 {[%mdl 8192]} (16... Kd7 $16 17. Rd1 (17. Nxf7 hxg4 18. Qc3 Qxc3 $11) (17. Qxf7 Bh6 $16) 17... Nd5) 17. Qxf7 $2 (17. Nxf7 $18 {is the precise move to win.} Bg7 18. Nxh8 Rxh8 19. Qf7 {[%mdl 64] Double Attack} Qxd4 20. h3 (20. Qxe7 Qxg4+ 21. Kh1 Qf3+ 22. Kg1 Qg4+ 23. Kh1 Qf3+ 24. Kg1 Qg4+ $11) (20. Qxe6+ Qd7 $18) 20... hxg4 21. Qxg7 Rxh3 22. Qf8+ (22. Qxe7 Rg3+ 23. Kh1 Rh3+ 24. Kg1 Rg3+ 25. Kh1 Rh3+ 26. Kg1 $11) 22... Kd7 23. Bf4) 17... Rxd4 {[#]} 18. Be3 $1 ({Weaker is} 18. Qxe6+ Qxe6 19. Nxe6 Rxg4+ 20. Kh1 Re4 $15) 18... Rxg4+ $2 (18... Rd7) 19. Kh1 {Hoping for Qe8+.} Bh6 20. Qxe7 {And now Nf7! would win.} Bxg5 21. Bxg5 h4 {[#]} (21... Rd4 $142 22. Qg7 {[%mdl 64] Double Attack} Re8 23. Qxg6 Rf8) 22. Qf6 $1 Re8 23. Rfd1 Rd4 24. Rxd4 Qxd4 25. Bxh4 g5 26. Bg3 Qxb2 27. Rd1 Qe2 28. Ra1 Qb2 $1 {[%cal Rb2a1]} 29. Re1 {aiming for Qf7.} Qxa2 30. Qxg5 Qd5+ 31. Kg1 a5 32. h4 a4 33. h5 Rd8 (33... b5 $142 34. h6 Qd7) 34. h6 Qd2 35. Qxd2 Rxd2 {[%mdl 4096] Endgame KRB-KR} 36. Bh4 Rd7 37. Bf6 Rh7 38. Bg7 b5 39. Kf1 b4 40. Ke2 {White mates.} a3 41. Kd3 c5 42. Kc4 Kc7 43. Kxc5 b3 44. Kb4 b2 45. Kxa3 {Accuracy: White = 78%, Black = 42%.} 1-0

[Event "XLV Sevilla Open 2020"]
[Site "Sevilla"]
[Date "2020.01.12"]
[Round "3.9"]
[White "Uribe, Jhonny Alberto"]
[Black "Matamoros Franco, Carlos S."]
[Result "0-1"]
[WhiteElo "2149"]
[BlackElo "2487"]
[Annotator "TA"]
[PlyCount "87"]
[EventDate "2020.01.05"]
[EventType "swiss"]
[EventCountry "ESP"]
[SourceTitle "playchess.com"]
[Source "ChessBase"]
[SourceQuality "1"]

{[%evp 16,87,1,-16,5,-20,-16,-29,-14,-12,-9,-12,4,-16,0,0,12,3,1,-14,-9,-29,0,0,120,127,152,147,162,99,110,98,161,162,163,156,167,163,291,206,293,264,320,323,331,324,365,386,369,-133,-175,-167,-187,-186,-12,-12,-12,-12,-12,-29995,-854,-1212,-1548,-1501,-1481,-1279,-1226,-1254,-1248,-1193,-1177,-2531,-2536,-29999]} 1. b3 Nf6 2. Bb2 g6 3. Nf3 Bg7 4. g3 c5 5. c4 d6 6. Bg2 e5 7. d3 Nc6 8. O-O O-O 9. Nbd2 h6 {A05: Réti Opening: 1 Nf3 Nf6} 10. a3 Be6 (10... Re8 11. e3 Bf5 12. e4 Be6 13. h3 a6 14. Bc3 b5 15. Re1 Nd7 16. Nf1 Nd4 17. Ne3 {0-1 (43) Schumacher,N (2173)-Krause,B (2407) Germany 2017}) 11. Qc2 $146 ({Predecessor:} 11. e3 Nd7 12. Qc2 f5 13. Rfe1 Bf7 14. h3 Qc7 15. Nh2 Nf6 16. Rad1 Rad8 17. Nb1 {0-1 (34) Jantzen,H (2179)-Urban,R (2071) Hamburg 2017}) 11... Qd7 {Black has an edge.} 12. e3 Rfe8 13. Ne4 Nh7 14. Rfe1 f5 15. Nc3 Rab8 16. Rad1 Bf7 17. Re2 g5 18. Red2 Nf6 19. d4 e4 (19... exd4 $11 20. exd4 Ne4 21. Nxe4 fxe4) 20. Ne5 $1 $16 {[%cal Re5d7]} Nxe5 21. dxe5 Rxe5 22. Rxd6 ({Better is} 22. Nb5 $1 $18 Rd5 23. Bxf6 (23. cxd5 Qxb5 24. f3 exf3 $16) (23. Rxd5 Nxd5 24. Bxg7 Kxg7 $16) (23. Nxd6 Rxd2 24. Rxd2 Qe6 $16) 23... Rxd2 24. Rxd2 Bxf6 25. Nxd6) 22... Qe7 23. Nb5 a6 (23... Re6 $16) 24. Bxe5 $18 Qxe5 {[#]} 25. Rd8+ $1 Rxd8 26. Rxd8+ Kh7 (26... Bf8 $142) 27. Nc3 {[%cal Bb5c3,Bc3d5,Bd5e7][%mdl 32]} Bg6 (27... h5 {was called for.} 28. Bh3 Kg6) 28. Nd5 Qa1+ 29. Bf1 Ng4 {Threatening ...Ne5.} 30. Ne7 Qf6 31. Rd7 Ne5 32. Rxb7 $2 (32. Nd5 $18 Nf3+ 33. Kg2) 32... Nf3+ $17 33. Kh1 {[#] aiming for Be2.} Qa1 $1 {[%cal Ra1f1][%mdl 512]} 34. Qe2 {[#]} Nd4 $2 $40 {[%mdl 128] Black has some attack.} ({Black should try} 34... Bh5 $1 $19 {( -> ...Nd4)} 35. Nd5 (35. Nxf5 $2 Nd4 $19) 35... Bg4 36. Nf6+ Qxf6) 35. exd4 $11 Bh5 $1 {[%cal Rh5e2]} 36. Kg2 (36. g4 Bxg4 37. Qxg4 fxg4 $19) 36... Bf3+ 37. Kh3 $2 {[%mdl 8192]} (37. Qxf3 $11 exf3+ 38. Kg1 Bxd4 39. Nxf5+ Kg6 40. Nxd4 cxd4 41. Rb6+ Kf5 42. Rxa6) 37... g4+ (37... Qc1 $142 38. Qxf3 Qxf1+ 39. Qg2 g4+ 40. Kh4 Qxg2 41. dxc5 Qxh2#) 38. Kh4 $19 {Black is clearly winning.} Qc1 {[%csl Gh6][%cal Rc1g5]} ({Not} 38... Bxe2 39. Nxf5 Qxf1 40. Rxg7+ Kh8 41. Kh5 $17) 39. Qe3 Qxf1 {[%csl Gg4][%cal Rf1h3]} 40. Qxh6+ Bxh6 {[%csl Gg4][%cal Rf1h3]} 41. Nxf5+ {[#]} Kg6 $1 {[%csl Gg4][%cal Rf1h3]} 42. Ne7+ {[#]} Kf7 $1 {[%csl Gg4][%cal Rf1h3]} 43. Nf5+ {[#]} Kf6 $1 {[%csl Gg4][%cal Rf1h3]} 44. h3 {Accuracy: White = 54%, Black = 34%.} 0-1